LDR 00913naa#a2200205#i#450# 001 RU\\bibl\120809 005 20260630004101.2 011 ## _a2077-7566 100 ## _a20260629b2026####ek#y0rusy0150####ca 101 0# _aRUS 102 ## _aRU 200 1# _aОТДАЛЕННЫЕ РЕЗУЛЬТАТЫ ЭНДОДОНТИЧЕСКОГО ЛЕЧЕНИЯ С ИСПОЛЬЗОВАНИЕМ ОПЕРАЦИОННОГО МИКРОСКОПА _eЖурнальная статья 210 1# _aЕкатеринбург _cИздательский Дом «ТИРАЖ» _d2026 215 ## _a6 с. 608 ## _aЖурнальная статья _2local 675 ## _aЛечение болезней зубов. 616.314-085 _zRUS 686 ## _aКлиническая медицина. 76.29 _2grnti 700 #1 _aМолокова _gВиктория Алексеевна 700 #1 _aАнтонова _gИрина Николаевна 856 4# _adental-press.ru _u